Datos para el inventario monumental de España (Record no. 165245)

MARC details
000 -LEADER
campo de control de longitud fija 00804nam a2200181 i 4500
001 - NÚMERO DE CONTROL
campo de control 165245
003 - IDENTIFICADOR DE NÚMERO DE CONTROL
campo de control ES-MaACL
005 - FECHA Y HORA DE LA ÚLTIMA TRANSACCIÓN
campo de control 20230906213108.0
008 - DATOS DE LONGITUD FIJA--INFORMACIÓN GENERAL
campo de control de longitud fija 000118s1894 sp |||| | spa d
100 1# - ENTRADA PRINCIPAL--NOMBRE DE PERSONA
Nombre de persona Serrano Fatigati, Enrique.
9 (RLIN) 132669
245 10 - MENCIÓN DEL TÍTULO
Título Datos para el inventario monumental de España
Resto del título : arte latino-bizantino y románico : conferencia dada en el Círculo de Bellas Artes la noche del 21 de abril de 1894 /
Mención de responsabilidad, etc. por el Ilmo. Señor D. Enrique Serrano Fatigati.
260 ## - PUBLICACIÓN, DISTRIBUCIÓN, ETC.
Lugar de publicación, distribución, etc. Madrid :
Nombre del editor, distribuidor, etc. [Circulo de Bellas Artes],
Fecha de publicación, distribución, etc. 1894 (
Fabricante Enrique Jaramillo, imp.)
300 ## - DESCRIPCIÓN FÍSICA
Extensión 26 p. ;
Dimensiones 22 cm.
500 ## - NOTA GENERAL
Nota general Descripción basada en cub.
596 ## - NOTA AL PIE DE IMPRENTA
NOTA AL PIE DE IMPRENTA Marca tip. en port.
650 04 - PUNTO DE ACCESO ADICIONAL DE MATERIA--TÉRMINO DE MATERIA
Término de materia o nombre geográfico como elemento de entrada Arte románico-
Subdivisión geográfica España.
9 (RLIN) 10305
852 ## - LOCALIZACIÓN
Ubicación ES-MaACL
Número de control de estantería Fol-Laf-264
Nota libre - Rúst.
-- . - Legado de Modesto de la Fuente
Holdings
Estatus retirado Estado de pérdida Estado de daño No para préstamo Colección Biblioteca de origen Biblioteca actual Ubicación en estantería Fecha de adquisición Total de préstamos Signatura topográfica completa Código de barras Visto por última vez Precio de reemplazo Tipo de ítem Koha
        Colección de folletos Biblioteca del Ateneo de Madrid Biblioteca del Ateneo de Madrid Depósito folletos 17/01/2008   Fol-Laf-264 1173276 23/02/2023 23/02/2023 Folleto